Flexible design : (Record no. 7402)

MARC details
000 -LEADER
fixed length control field 01250nac a22003251u 4500
003 - CONTROL NUMBER IDENTIFIER
control field EG-ScBUE
005 - DATE AND TIME OF LATEST TRANSACTION
control field 20210504090939.0
008 - FIXED-LENGTH DATA ELEMENTS--GENERAL INFORMATION
fixed length control field 200219s1998 -cna f b 001 0 eng d
020 ## - INTERNATIONAL STANDARD BOOK NUMBER
International Standard Book Number 0773516824
040 ## - CATALOGING SOURCE
Original cataloging agency EG-ScBUE
Language of cataloging eng
Description conventions rda
Transcribing agency EG-ScBUE
Modifying agency EG-ScBUE
082 04 - DEWEY DECIMAL CLASSIFICATION NUMBER
Classification number 821.7
Item number PIE
Edition number 22
100 1# - MAIN ENTRY--PERSONAL NAME
Personal name Pierce, John Benjamin,‏
Dates associated with a name 1957-
Relator term author.
245 10 - TITLE STATEMENT
Title Flexible design :
Remainder of title revisionary poetics in Blake's Vala or The four Zoas /
Statement of responsibility, etc John B. Pierce.
264 #1 - PUBLICATION, DISTRIBUTION, ETC. (IMPRINT)
Place of publication, distribution, etc Montreal :
Name of publisher, distributor, etc McGill-Queen's University Press,
Date of publication, distribution, etc 1998.
300 ## - PHYSICAL DESCRIPTION
Extent xxvii, 206 pages :
Other physical details illustrations ;
Dimensions 24 cm
336 ## - CONTENT TYPE
Source rdacontent
Content type term text
Content type code txt
337 ## - MEDIA TYPE
Source rdamedia
Media type term unmediated
Media type code n
338 ## - CARRIER TYPE
Source rdacarrier
Carrier type term volume
Carrier type code nc
500 ## - GENERAL NOTE
General note distributer: Al-Ahram
504 ## - BIBLIOGRAPHY, ETC. NOTE
Bibliography, etc Includes bibliographical references and index.
600 17 - SUBJECT ADDED ENTRY--PERSONAL NAME
Personal name Blake, William,
Dates associated with a name 1757-1827.
Title of a work Four Zoas.
Source of heading or term BUEsh
600 17 - SUBJECT ADDED ENTRY--PERSONAL NAME
Personal name Blake, William,
Dates associated with a name 1757-1827.
Title of a work Four Zoas
General subdivision Criticism, Textual.
Source of heading or term BUEsh
600 17 - SUBJECT ADDED ENTRY--PERSONAL NAME
Personal name Blake, William,
Dates associated with a name 1757-1827
General subdivision Technique.
Source of heading or term BUEsh
650 #7 - SUBJECT ADDED ENTRY--TOPICAL TERM
Topical term or geographic name as entry element Narration (Rhetoric)
General subdivision History
Chronological subdivision 18th century.
Source of heading or term BUEsh
9 (RLIN) 33957
650 #7 - SUBJECT ADDED ENTRY--TOPICAL TERM
Topical term or geographic name as entry element Poetics
General subdivision History
Chronological subdivision 18th century.
Source of heading or term BUEsh
9 (RLIN) 40332
651 ## - SUBJECT ADDED ENTRY--GEOGRAPHIC NAME
Source of heading or term BUEsh
653 ## - INDEX TERM--UNCONTROLLED
Resource For college Humanities: English
Arrived date list May2021
655 ## - INDEX TERM--GENRE/FORM
Form subdivision Reading book
9 (RLIN) 34232
942 ## - ADDED ENTRY ELEMENTS (KOHA)
Koha item type Book - Borrowing
Call number prefix 821.7PIE
Source of classification or shelving scheme Dewey Decimal Classification
Holdings
Withdrawn status Lost status Source of classification or shelving scheme Materials specified (bound volume or other part) Damaged status Not for loan Collection code Home library Current library Shelving location Date acquired Source of acquisition Total Checkouts Full call number Barcode Date last seen Koha item type
    Dewey Decimal Classification     Alahram Central Library Central Library Second Floor 23/01/2008 Purchase   821.7 PIE 000009014 15/07/2025 Book - Borrowing